Normal view MARC view

Entry Topical Term

Number of records used in: 1

001 - CONTROL NUMBER

  • control field: 55128

003 - CONTROL NUMBER IDENTIFIER

  • control field: OSt

005 - DATE AND TIME OF LATEST TRANSACTION

  • control field: 20250714163325.0

008 - FIXED-LENGTH DATA ELEMENTS

  • fixed length control field: 250714|| aca||aabn | a|a d

040 ## - CATALOGING SOURCE

  • Original cataloging agency: OSt
  • Transcribing agency: OSt

150 ## - HEADING--TOPICAL TERM

  • Topical term or geographic name entry element: Absolute, Human resources slack, Knowledge, Organizational slack, Relative, Resources slack.

670 ## - SOURCE DATA FOUND

  • Source citation: Work cat.: (OSt): Rashidi, M. Naghavi, M.A. S. Rezaeemanesh, B. and Vaezai, R. 55127, The framework of human resource slack

Powered by Koha